Beton : Arten,Herstellung und Eigenschaften

Salvato in:
Dettagli Bibliografici
Autori principali: Grübl, Peter (Autore), Weigler, Helmut (Autore), Karl, Sieghart (Autore)
Natura: Libro
Lingua:tedesco
Pubblicazione: Berlin : Ernst&Sohn Verlag , 2001
Edizione:2.vyd.
Tags: Aggiungi Tag
Nessun Tag, puoi essere il primo ad aggiungerne!!

MARC

LEADER 00000nam a22000003a 4500
001 stu167608
005 20150617230008.0
008 080806s2001----gw------------------ger-d
020 |a 3-433-01340-3 
040 |a STU  |b slo 
041 0 |a ger 
044 |a gw 
080 |a 666.972  |7 stu_us_auth*stu13714 
100 1 |a Grübl, Peter  |4 aut 
245 1 |a Beton :  |b Arten,Herstellung und Eigenschaften 
250 |a 2.vyd. 
260 |a Berlin :  |b Ernst&Sohn Verlag ,  |c 2001 
300 |a XXX,788 s 
700 1 |a Weigler, Helmut  |4 aut 
700 1 |a Karl, Sieghart  |4 aut 
996 |c V*50062/O-22285  |l VV1  |s P  |a 0  |w stu167608_0001